[Event "msr2018"]
[Site "?"]
[Date "2018.04.24"]
[Round "6.10"]
[White "Ulehla, Jakub"]
[Black "Sosovicka, Jakub"]
[Result "0-1"]
[BlackElo "2105"]
[WhiteElo "1731"]
[LiveChessVersion "1.4.8"]

1. e4 {[%clk 1:30:54]} c5 {[%clk 1:30:54]} 2. Nf3 {[%clk 1:30:36]} d6
{[%clk 1:31:20]} 3. d4 {[%clk 1:30:20]} cxd4 {[%clk 1:31:46]} 4. Nxd4
{[%clk 1:30:46]} Nf6 {[%clk 1:32:11]} 5. Nc3 {[%clk 1:31:09]} a6 {[%clk 1:32:31]}
6. Be2 {[%clk 1:30:25]} e5 {[%clk 1:31:48]} 7. Nb3 {[%clk 1:28:59]} Be6
{[%clk 1:29:12]} 8. Be3 {[%clk 1:25:02]} Be7 {[%clk 1:28:56]} 9. O-O
{[%clk 1:24:41]} O-O {[%clk 1:28:35]} 10. f4 {[%clk 1:22:09]} Qc7
{[%clk 1:26:16]} 11. Bf3 {[%clk 1:20:47]} Nbd7 {[%clk 1:23:51]} 12. f5
{[%clk 1:18:00]} Bc4 {[%clk 1:24:07]} 13. Be2 {[%clk 1:17:06]} b5
{[%clk 1:17:22]} 14. Bd3 {[%clk 1:09:12]} b4 {[%clk 1:10:35]} 15. Ne2
{[%clk 1:06:36]} Ng4 {[%clk 1:06:18]} 16. Qd2 {[%clk 1:02:53]} d5
{[%clk 0:57:50]} 17. exd5 {[%clk 1:00:00]} Nxe3 {[%clk 0:57:34]} 18. Qxe3
{[%clk 0:58:16]} Bxb3 {[%clk 0:56:20]} 19. Qh3 {[%clk 0:57:18]} Bxc2
{[%clk 0:46:12]} 20. f6 {[%clk 0:54:45]} Nxf6 {[%clk 0:45:16]} 21. Rxf6
{[%clk 0:54:41]} Bxd3 {[%clk 0:45:40]} 22. Rc6 {[%clk 0:54:57]} Qa7+
{[%clk 0:46:04]} 0-1

[Event "msr2018"]
[Site "?"]
[Date "2018.04.24"]
[Round "6.11"]
[White "Gyerpal, Adrian"]
[Black "Bochnicka, Vladimir"]
[Result "1/2-1/2"]
[BlackElo "2043"]
[WhiteElo "1976"]
[LiveChessVersion "1.4.8"]

1. d4 {[%clk 1:30:52]} Nf6 {[%clk 1:30:53]} 2. c4 {[%clk 1:31:08]} e6
{[%clk 1:31:17]} 3. Nf3 {[%clk 1:31:07]} Bb4+ {[%clk 1:31:41]} 4. Bd2
{[%clk 1:31:20]} Bxd2+ {[%clk 1:32:01]} 5. Nbxd2 {[%clk 1:30:30]} O-O
{[%clk 1:30:35]} 6. g3 {[%clk 1:28:48]} d5 {[%clk 1:29:22]} 7. Bg2
{[%clk 1:27:24]} b6 {[%clk 1:26:48]} 8. O-O {[%clk 1:25:06]} Bb7 {[%clk 1:27:09]}
9. Qc2 {[%clk 1:22:39]} Nbd7 {[%clk 1:24:44]} 10. b4 {[%clk 1:16:00]} Qe7
{[%clk 1:11:47]} 11. c5 {[%clk 1:12:38]} c6 {[%clk 1:08:38]} 12. e4
{[%clk 1:03:51]} dxe4 {[%clk 1:01:18]} 13. Nxe4 {[%clk 1:04:09]} Nxe4
{[%clk 1:01:03]} 14. Qxe4 {[%clk 1:04:31]} Nf6 {[%clk 0:58:58]} 15. Qc2
{[%clk 1:00:11]} Rfd8 {[%clk 0:52:55]} 16. Rfd1 {[%clk 0:57:25]} Nd5
{[%clk 0:51:43]} 17. Rab1 {[%clk 0:50:16]} b5 {[%clk 0:45:49]} 18. Nd2
{[%clk 0:42:34]} a5 {[%clk 0:39:54]} 19. Bxd5 {[%clk 0:38:20]} exd5
{[%clk 0:38:01]} 20. a4 {[%clk 0:34:05]} Ba6 {[%clk 0:18:14]} 21. bxa5
{[%clk 0:24:55]} Qc7 {[%clk 0:18:06]} 22. axb5 {[%clk 0:22:23]} Bxb5
{[%clk 0:18:10]} 23. Nb3 {[%clk 0:18:44]} Ba4 {[%clk 0:16:30]} 24. Qc3
{[%clk 0:17:24]} Rdb8 {[%clk 0:13:26]} 1/2-1/2

[Event "msr2018"]
[Site "?"]
[Date "2018.04.24"]
[Round "6.12"]
[White "Priechodsky, Radovan"]
[Black "Vadila, Ondrej"]
[Result "0-1"]
[BlackElo "2023"]
[WhiteElo "1679"]
[LiveChessVersion "1.4.8"]

1. c4 {[%clk 1:30:52]} Nf6 {[%clk 1:30:51]} 2. Nf3 {[%clk 1:31:05]} g6
{[%clk 1:31:02]} 3. e3 {[%clk 1:30:24]} Bg7 {[%clk 1:31:17]} 4. Nc3
{[%clk 1:30:01]} O-O {[%clk 1:31:20]} 5. Be2 {[%clk 1:29:52]} d6 {[%clk 1:30:55]}
6. O-O {[%clk 1:30:12]} c6 {[%clk 1:28:17]} 7. Qc2 {[%clk 1:29:53]} Qc7
{[%clk 1:28:00]} 8. b3 {[%clk 1:29:52]} e5 {[%clk 1:27:08]} 9. d4
{[%clk 1:29:32]} Re8 {[%clk 1:26:51]} 10. dxe5 {[%clk 1:26:30]} dxe5
{[%clk 1:27:15]} 11. Bb2 {[%clk 1:25:25]} Bf5 {[%clk 1:26:40]} 12. e4
{[%clk 1:22:39]} Bg4 {[%clk 1:26:35]} 13. Nd1 {[%clk 1:20:35]} Nbd7
{[%clk 1:22:59]} 14. Ne3 {[%clk 1:17:32]} Bxf3 {[%clk 1:22:32]} 15. Bxf3
{[%clk 1:17:51]} Nc5 {[%clk 1:22:30]} 16. Ba3 {[%clk 1:14:30]} Ne6
{[%clk 1:22:38]} 17. Bb2 {[%clk 1:12:56]} Rad8 {[%clk 1:21:41]} 18. g3
{[%clk 1:11:45]} Nd4 {[%clk 1:12:18]} 19. Qd1 {[%clk 0:42:02]} Re7
{[%clk 0:57:52]} 20. Bg2 {[%clk 0:39:58]} Red7 {[%clk 0:56:07]} 21. Bh3
{[%clk 0:39:56]} Ne6 {[%clk 0:56:14]} 22. Qc2 {[%clk 0:39:37]} Rd2
{[%clk 0:56:19]} 23. Qc1 {[%clk 0:38:51]} Ng5 {[%clk 0:53:58]} 24. Bg2
{[%clk 0:37:52]} Ngxe4 {[%clk 0:53:16]} 25. f3 {[%clk 0:36:13]} Bh6
{[%clk 0:52:00]} 26. Re1 {[%clk 0:31:10]} Bxe3+ {[%clk 0:52:10]} 27. Rxe3
{[%clk 0:30:24]} Qb6 {[%clk 0:46:30]} 0-1

[Event "msr2018"]
[Site "?"]
[Date "2018.04.24"]
[Round "6.13"]
[White "Kuna, Patrik"]
[Black "Sobek, Michal"]
[Result "1/2-1/2"]
[BlackElo "2022"]
[WhiteElo "1545"]
[LiveChessVersion "1.4.8"]

1. e4 {[%clk 1:30:56]} c5 {[%clk 1:30:41]} 2. Nf3 {[%clk 1:31:18]} Nc6
{[%clk 1:31:06]} 3. d4 {[%clk 1:31:44]} cxd4 {[%clk 1:31:29]} 4. Nxd4
{[%clk 1:32:03]} Nf6 {[%clk 1:31:52]} 5. Nc3 {[%clk 1:32:26]} d6 {[%clk 1:32:12]}
6. Be2 {[%clk 1:31:58]} g6 {[%clk 1:32:34]} 7. Be3 {[%clk 1:31:18]} Bg7
{[%clk 1:32:52]} 8. O-O {[%clk 1:30:57]} O-O {[%clk 1:33:06]} 9. Qd2
{[%clk 1:27:56]} Bd7 {[%clk 1:30:03]} 10. f3 {[%clk 1:23:55]} Rc8
{[%clk 1:30:04]} 11. Rfd1 {[%clk 1:21:33]} a6 {[%clk 1:30:11]} 12. Kh1
{[%clk 1:12:47]} Na5 {[%clk 1:29:40]} 13. Bh6 {[%clk 1:02:11]} Nc4
{[%clk 1:29:41]} 14. Bxc4 {[%clk 1:02:28]} Rxc4 {[%clk 1:30:01]} 15. Bxg7
{[%clk 1:02:48]} Kxg7 {[%clk 1:30:23]} 16. Qe2 {[%clk 1:01:44]} b5
{[%clk 1:27:17]} 17. a4 {[%clk 1:00:13]} Qb6 {[%clk 1:27:14]} 18. Nb3
{[%clk 0:58:27]} Rfc8 {[%clk 1:27:20]} 19. axb5 {[%clk 0:56:43]} axb5
{[%clk 1:27:25]} 20. Rd2 {[%clk 0:54:21]} Qc7 {[%clk 1:24:45]} 21. Rc1
{[%clk 0:51:06]} e5 {[%clk 1:19:37]} 22. Qd3 {[%clk 0:47:43]} b4 {[%clk 1:18:32]}
23. Nd1 {[%clk 0:43:22]} Be6 {[%clk 1:05:11]} 24. Ne3 {[%clk 0:28:24]} Rc6
{[%clk 1:04:36]} 25. Ra1 {[%clk 0:28:08]} Qb6 {[%clk 0:56:56]} 26. Na5
{[%clk 0:18:43]} R6c7 {[%clk 0:54:57]} 27. Nb3 {[%clk 0:17:16]} Rc6
{[%clk 0:48:52]} 28. Na5 {[%clk 0:17:32]} Rc5 {[%clk 0:49:00]} 29. Qxd6
{[%clk 0:14:52]} Qb5 {[%clk 0:44:55]} 30. Nb3 {[%clk 0:11:54]} R5c6
{[%clk 0:39:21]} 31. Qd3 {[%clk 0:11:12]} Qb6 {[%clk 0:39:12]} 32. Na5
{[%clk 0:09:50]} Ra8 {[%clk 0:25:56]} 1/2-1/2

[Event "msr2018"]
[Site "?"]
[Date "2018.04.24"]
[Round "6.14"]
[White "Brnusak, Tomas"]
[Black "Popovic, Martin"]
[Result "1/2-1/2"]
[BlackElo "1897"]
[WhiteElo "1935"]
[LiveChessVersion "1.4.8"]

1. d4 {[%clk 1:30:47]} Nf6 {[%clk 1:30:56]} 2. c4 {[%clk 1:30:55]} e6
{[%clk 1:31:24]} 3. Nc3 {[%clk 1:30:40]} Bb4 {[%clk 1:31:53]} 4. Qc2
{[%clk 1:28:36]} O-O {[%clk 1:31:32]} 5. a3 {[%clk 1:26:14]} Bxc3+
{[%clk 1:31:34]} 6. Qxc3 {[%clk 1:24:11]} b6 {[%clk 1:30:11]} 7. Bg5
{[%clk 1:23:27]} Bb7 {[%clk 1:28:49]} 8. f3 {[%clk 1:21:55]} d5 {[%clk 1:25:35]}
9. e3 {[%clk 1:21:27]} Nbd7 {[%clk 1:23:37]} 10. cxd5 {[%clk 1:20:41]} exd5
{[%clk 1:23:57]} 11. Bd3 {[%clk 1:10:33]} Re8 {[%clk 1:18:15]} 12. Ne2
{[%clk 1:10:17]} h6 {[%clk 1:13:02]} 13. Bh4 {[%clk 1:09:40]} Qe7
{[%clk 1:06:54]} 14. Bf2 {[%clk 1:08:41]} c5 {[%clk 1:03:40]} 15. O-O
{[%clk 1:06:49]} Rac8 {[%clk 1:01:13]} 16. Qd2 {[%clk 1:03:42]} a6
{[%clk 0:55:19]} 17. Rac1 {[%clk 0:58:57]} b5 {[%clk 0:46:51]} 18. b4
{[%clk 0:53:53]} cxb4 {[%clk 0:45:33]} 19. Qxb4 {[%clk 0:52:57]} Qxb4
{[%clk 0:45:43]} 20. axb4 {[%clk 0:53:12]} Nb6 {[%clk 0:45:30]} 21. Bf5
{[%clk 0:52:55]} Rc4 {[%clk 0:44:22]} 22. Rb1 {[%clk 0:51:50]} g6
{[%clk 0:38:33]} 23. Bd3 {[%clk 0:51:18]} Rcc8 {[%clk 0:38:03]} 24. Rfc1
{[%clk 0:48:57]} Kg7 {[%clk 0:28:42]} 1/2-1/2

[Event "msr2018"]
[Site "?"]
[Date "2018.04.24"]
[Round "6.15"]
[White "Kostelansky, Karol"]
[Black "Beres, Tomas"]
[Result "1/2-1/2"]
[BlackElo "1720"]
[WhiteElo "1506"]
[LiveChessVersion "1.4.8"]

1. e4 {[%clk 1:30:56]} c5 {[%clk 1:30:56]} 2. Nf3 {[%clk 1:31:11]} Nc6
{[%clk 1:31:20]} 3. d4 {[%clk 1:31:32]} cxd4 {[%clk 1:31:46]} 4. Nxd4
{[%clk 1:31:50]} Nf6 {[%clk 1:32:11]} 5. Nc3 {[%clk 1:32:09]} g6 {[%clk 1:32:37]}
6. Bc4 {[%clk 1:32:32]} Bg7 {[%clk 1:32:59]} 7. Be3 {[%clk 1:32:45]} O-O
{[%clk 1:33:20]} 8. Bb3 {[%clk 1:30:48]} d6 {[%clk 1:33:10]} 9. f3
{[%clk 1:27:59]} Bd7 {[%clk 1:23:30]} 10. Qd2 {[%clk 1:24:07]} Qa5
{[%clk 1:21:25]} 11. O-O-O {[%clk 1:20:58]} h5 {[%clk 1:18:25]} 12. Kb1
{[%clk 1:19:15]} a6 {[%clk 1:18:02]} 13. Nxc6 {[%clk 1:19:02]} Bxc6
{[%clk 1:16:19]} 14. Nd5 {[%clk 1:18:56]} Qd8 {[%clk 1:15:41]} 15. Nxf6+
{[%clk 1:15:07]} Bxf6 {[%clk 1:15:47]} 16. h4 {[%clk 1:13:48]} e6
{[%clk 0:46:17]} 17. Bg5 {[%clk 1:09:03]} Bxg5 {[%clk 0:29:22]} 18. hxg5
{[%clk 1:08:37]} Kg7 {[%clk 0:29:05]} 19. g4 {[%clk 0:58:14]} Rh8
{[%clk 0:22:31]} 20. gxh5 {[%clk 0:54:45]} Rxh5 {[%clk 0:18:29]} 21. Rxh5
{[%clk 0:53:20]} gxh5 {[%clk 0:18:53]} 22. Rh1 {[%clk 0:53:04]} Kg6
{[%clk 0:15:25]} 23. Qh2 {[%clk 0:51:34]} Qh8 {[%clk 0:14:08]} 24. Qxd6
{[%clk 0:50:07]} Rd8 {[%clk 0:14:14]} 25. Qh2 {[%clk 0:48:09]} a5
{[%clk 0:08:20]} 26. c3 {[%clk 0:46:28]} a4 {[%clk 0:04:40]} 27. Bc2
{[%clk 0:46:15]} a3 {[%clk 0:04:20]} 28. f4 {[%clk 0:33:56]} f6 {[%clk 0:01:38]}
29. gxf6 {[%clk 0:32:50]} Kxf6 {[%clk 0:01:59]} 30. Qxh5 {[%clk 0:31:51]} Qxh5
{[%clk 0:02:07]} 31. Rxh5 {[%clk 0:32:19]} Rg8 {[%clk 0:01:36]} 32. bxa3
{[%clk 0:31:17]} Rg1+ {[%clk 0:01:27]} 33. Kb2 {[%clk 0:31:34]} Rg2
{[%clk 0:01:10]} 34. Kb3 {[%clk 0:31:43]} Rg4 {[%clk 0:01:14]} 35. f5
{[%clk 0:25:15]} exf5 {[%clk 0:01:14]} 36. Rxf5+ {[%clk 0:24:18]} Ke6
{[%clk 0:01:23]} 37. Rh5 {[%clk 0:23:37]} Rf4 {[%clk 0:01:10]} 38. Rh7
{[%clk 0:14:41]} Kd6 {[%clk 0:00:44]} 39. Kb4 {[%clk 0:12:26]} b5
{[%clk 0:00:32]} 40. Rh6+ {[%clk 0:10:40]} Kc7 {[%clk 0:00:36]} 41. Kc5
{[%clk 0:09:05]} Bxe4 {[%clk 0:29:10]} 42. Bxe4 {[%clk 0:38:21]} Rxe4
{[%clk 0:27:35]} 43. Kxb5 {[%clk 0:38:09]} Re5+ {[%clk 0:23:07]} 44. Kb4
{[%clk 0:37:12]} Re7 {[%clk 0:22:17]} 45. a4 {[%clk 0:36:47]} Kb7
{[%clk 0:21:03]} 46. c4 {[%clk 0:36:24]} Rg7 {[%clk 0:19:35]} 47. a5
{[%clk 0:30:48]} Rc7 {[%clk 0:18:52]} 48. Kb5 {[%clk 0:25:04]} Ka7
{[%clk 0:15:30]} 49. c5 {[%clk 0:24:42]} Rb7+ {[%clk 0:12:42]} 50. Rb6
{[%clk 0:24:35]} Rc7 {[%clk 0:12:44]} 51. a6 {[%clk 0:24:14]} Ka8
{[%clk 0:12:38]} 52. Rb7 {[%clk 0:23:54]} Rxc5+ {[%clk 0:13:01]} 53. Ka4
{[%clk 0:22:52]} Ra5+ {[%clk 0:12:30]} 54. Kxa5 1/2-1/2

[Event "msr2018"]
[Site "?"]
[Date "2018.04.24"]
[Round "6.16"]
[White "Mezes, Kristof"]
[Black "Grec, Jan Alexander"]
[Result "1/2-1/2"]
[BlackElo "1614"]
[WhiteElo "1625"]
[LiveChessVersion "1.4.8"]

1. d4 {[%clk 1:30:57]} Nf6 {[%clk 1:30:49]} 2. c4 {[%clk 1:31:21]} g6
{[%clk 1:31:09]} 3. Nc3 {[%clk 1:31:42]} d5 {[%clk 1:31:31]} 4. Nf3
{[%clk 1:32:02]} Bg7 {[%clk 1:31:31]} 5. e3 {[%clk 1:32:03]} O-O {[%clk 1:30:46]}
6. cxd5 {[%clk 1:32:25]} Nxd5 {[%clk 1:30:55]} 7. Bd3 {[%clk 1:32:40]} c5
{[%clk 1:29:27]} 8. Ne2 {[%clk 1:29:07]} Nc6 {[%clk 1:27:43]} 9. Be4
{[%clk 1:20:58]} Nf6 {[%clk 1:14:06]} 10. Bc2 {[%clk 1:19:13]} Bg4
{[%clk 1:11:41]} 11. Ne5 {[%clk 1:11:16]} Nxe5 {[%clk 1:11:32]} 12. dxe5
{[%clk 1:11:44]} Nd7 {[%clk 1:10:26]} 13. f4 {[%clk 1:08:21]} Nb6
{[%clk 1:10:16]} 14. h3 {[%clk 1:07:10]} Qxd1+ {[%clk 1:10:11]} 15. Bxd1
{[%clk 1:07:31]} Bf5 {[%clk 1:09:42]} 16. O-O {[%clk 1:07:04]} Rfd8
{[%clk 1:09:03]} 17. Ng3 {[%clk 1:06:53]} Bd3 {[%clk 1:07:06]} 18. Rf2
{[%clk 1:06:49]} Rd7 {[%clk 1:06:34]} 19. Bf3 {[%clk 1:06:18]} Rad8
{[%clk 1:05:31]} 20. Ne4 {[%clk 1:02:17]} Bxe4 {[%clk 1:03:11]} 21. Bxe4
{[%clk 1:01:00]} e6 {[%clk 1:01:15]} 22. Bf3 {[%clk 0:59:18]} Bf8
{[%clk 1:01:18]} 23. b3 {[%clk 0:55:22]} c4 {[%clk 1:01:19]} 24. Bb2
{[%clk 0:51:22]} Bc5 {[%clk 1:00:38]} 25. Bd4 {[%clk 0:45:04]} Bxd4
{[%clk 0:59:19]} 26. exd4 {[%clk 0:45:25]} Rxd4 {[%clk 0:58:15]} 27. Bxb7
{[%clk 0:44:30]} Nd5 {[%clk 0:56:30]} 28. bxc4 {[%clk 0:43:41]} Rxc4
{[%clk 0:56:05]} 29. Rd1 {[%clk 0:43:19]} Rd7 {[%clk 0:53:29]} 30. Ba6
{[%clk 0:42:13]} Rc5 {[%clk 0:52:34]} 31. Rb2 {[%clk 0:41:07]} Rdc7
{[%clk 0:51:19]} 32. g3 {[%clk 0:38:56]} 1/2-1/2

[Event "msr2018"]
[Site "?"]
[Date "2018.04.24"]
[Round "6.18"]
[White "Musaev, Matej Elbek"]
[Black "Krupa, Miroslav"]
[Result "0-1"]
[BlackElo "2002"]
[WhiteElo "1723"]
[LiveChessVersion "1.4.8"]

1. e4 {[%clk 1:30:58]} c5 {[%clk 1:30:58]} 2. Nf3 {[%clk 1:31:22]} d6
{[%clk 1:31:26]} 3. d4 {[%clk 1:31:42]} cxd4 {[%clk 1:31:54]} 4. Nxd4
{[%clk 1:32:07]} Nf6 {[%clk 1:32:21]} 5. Nc3 {[%clk 1:32:30]} a6 {[%clk 1:32:49]}
6. a4 {[%clk 1:32:30]} e6 {[%clk 1:33:12]} 7. Be3 {[%clk 1:32:39]} Nbd7
{[%clk 1:28:53]} 8. f3 {[%clk 1:32:39]} Be7 {[%clk 1:27:38]} 9. Be2
{[%clk 1:31:30]} Qc7 {[%clk 1:27:12]} 10. Nb3 {[%clk 1:30:30]} b6
{[%clk 1:25:34]} 11. O-O {[%clk 1:29:42]} Bb7 {[%clk 1:24:11]} 12. Nd2
{[%clk 1:25:44]} O-O {[%clk 1:23:41]} 13. Nc4 {[%clk 1:24:55]} d5
{[%clk 1:21:03]} 14. exd5 {[%clk 1:23:14]} Nxd5 {[%clk 1:20:53]} 15. Nxd5
{[%clk 1:23:01]} Bxd5 {[%clk 1:21:17]} 16. Na3 {[%clk 1:21:00]} Rfc8
{[%clk 0:55:50]} 17. c4 {[%clk 1:19:55]} Bc6 {[%clk 0:55:11]} 18. Nc2
{[%clk 1:19:08]} Rd8 {[%clk 0:54:38]} 19. Qc1 {[%clk 1:18:30]} Nc5
{[%clk 0:54:33]} 20. Bxc5 {[%clk 1:17:16]} bxc5 {[%clk 0:52:19]} 21. Ne1
{[%clk 1:11:48]} Bf6 {[%clk 0:52:03]} 22. Nd3 {[%clk 1:11:38]} Rab8
{[%clk 0:52:21]} 23. Rb1 {[%clk 1:11:37]} Bxa4 {[%clk 0:45:37]} 24. Ra1
{[%clk 1:09:40]} Qc6 {[%clk 0:43:54]} 25. Ra2 {[%clk 1:04:48]} Bb3
{[%clk 0:41:23]} 26. Ra3 {[%clk 1:04:59]} Rd4 {[%clk 0:35:38]} 27. Nf2
{[%clk 1:03:17]} Rb4 {[%clk 0:25:18]} 0-1

[Event "msr2018"]
[Site "?"]
[Date "2018.04.24"]
[Round "6.19"]
[White "Salgovic, Simon"]
[Black "Lovcican, Tomas"]
[Result "1-0"]
[BlackElo "1660"]
[WhiteElo "1789"]
[LiveChessVersion "1.4.8"]

1. e4 {[%clk 1:30:49]} c5 {[%clk 1:30:38]} 2. Nf3 {[%clk 1:31:16]} Nc6
{[%clk 1:31:01]} 3. d4 {[%clk 1:31:42]} cxd4 {[%clk 1:31:25]} 4. Nxd4
{[%clk 1:32:03]} Nf6 {[%clk 1:31:47]} 5. Nc3 {[%clk 1:32:28]} g6 {[%clk 1:32:12]}
6. Nxc6 {[%clk 1:32:50]} bxc6 {[%clk 1:32:30]} 7. e5 {[%clk 1:33:17]} Ng8
{[%clk 1:25:13]} 8. Qf3 {[%clk 1:17:13]} d5 {[%clk 1:14:18]} 9. exd6
{[%clk 1:15:26]} Qxd6 {[%clk 1:11:05]} 10. Bf4 {[%clk 1:13:15]} Qe6+
{[%clk 1:04:54]} 11. Be2 {[%clk 1:09:53]} 1-0

[Event "msr2018"]
[Site "?"]
[Date "2018.04.24"]
[Round "6.20"]
[White "Sustek, Adam"]
[Black "Stevik, Patrik"]
[Result "0-1"]
[BlackElo "1713"]
[WhiteElo "1590"]
[LiveChessVersion "1.4.8"]

1. e4 {[%clk 1:30:55]} e5 {[%clk 1:29:06]} 2. Nf3 {[%clk 1:31:19]} Nc6
{[%clk 1:28:46]} 3. Bc4 {[%clk 1:31:40]} Nf6 {[%clk 1:28:38]} 4. d3
{[%clk 1:31:33]} Be7 {[%clk 1:27:52]} 5. c3 {[%clk 1:31:19]} O-O {[%clk 1:27:06]}
6. O-O {[%clk 1:30:59]} d5 {[%clk 1:26:49]} 7. exd5 {[%clk 1:27:57]} Nxd5
{[%clk 1:25:50]} 8. Re1 {[%clk 1:27:01]} Bg4 {[%clk 1:24:24]} 9. h3
{[%clk 1:26:12]} Bh5 {[%clk 1:24:17]} 10. g4 {[%clk 1:14:17]} Bg6
{[%clk 1:24:20]} 11. Nxe5 {[%clk 1:13:50]} Nxe5 {[%clk 1:24:35]} 12. Rxe5
{[%clk 1:14:14]} Nb6 {[%clk 1:24:44]} 13. Re1 {[%clk 1:07:31]} Nxc4
{[%clk 1:22:09]} 14. dxc4 {[%clk 1:07:42]} Bd6 {[%clk 1:18:08]} 15. Qf3
{[%clk 0:52:47]} f5 {[%clk 1:13:27]} 16. Nd2 {[%clk 0:53:09]} fxg4
{[%clk 0:53:57]} 17. Qxg4 {[%clk 0:50:47]} Rf4 {[%clk 0:45:19]} 18. Qg2
{[%clk 0:44:11]} Bh5 {[%clk 0:45:02]} 19. Qd5+ {[%clk 0:44:18]} Bf7
{[%clk 0:42:41]} 20. Qxb7 {[%clk 0:39:55]} Rh4 {[%clk 0:39:11]} 21. Qg2
{[%clk 0:27:32]} Qc8 {[%clk 0:38:40]} 22. Re3 {[%clk 0:25:30]} Bf4
{[%clk 0:38:03]} 23. Re4 {[%clk 0:19:45]} Bg6 {[%clk 0:34:36]} 24. Rd4
{[%clk 0:16:04]} c5 {[%clk 0:30:40]} 25. Rd7 {[%clk 0:16:06]} Qxd7 26. Qxa8+ Kf7
{[%clk 0:29:58]} 27. Qd5+ {[%clk 0:06:57]} Qxd5 {[%clk 0:30:03]} 28. cxd5 Rxh3
{[%clk 0:30:00]} 29. c4 {[%clk 0:03:56]} Bd3 {[%clk 0:15:39]} 30. Kg2
{[%clk 0:00:45]} Rh2+ {[%clk 0:15:20]} 31. Kg1 {[%clk 0:00:47]} Rh5
{[%clk 0:15:32]} 32. Nf3 {[%clk 0:00:40]} Bd6 {[%clk 0:15:14]} 33. b3
{[%clk 0:00:32]} Rf5 {[%clk 0:15:02]} 34. Kg2 {[%clk 0:00:34]} Be4
{[%clk 0:15:14]} 35. Kf1 {[%clk 0:00:31]} Bxf3 {[%clk 0:15:30]} 36. Be3
{[%clk 0:00:54]} Rh5 {[%clk 0:15:37]} 0-1

[Event "msr2018"]
[Site "?"]
[Date "2018.04.24"]
[Round "6.21"]
[White "Rakovsky, Jakub"]
[Black "Sandor, Samuel"]
[Result "1-0"]
[BlackElo "1603"]
[WhiteElo "1254"]
[LiveChessVersion "1.4.8"]

1. d4 {[%clk 1:30:50]} d6 {[%clk 1:30:42]} 2. e4 {[%clk 1:30:45]} Nd7
{[%clk 1:31:01]} 3. Nf3 {[%clk 1:31:04]} e5 {[%clk 1:31:18]} 4. Bc4
{[%clk 1:30:00]} Be7 {[%clk 1:30:56]} 5. Nc3 {[%clk 1:29:09]} Ngf6
{[%clk 1:30:51]} 6. dxe5 {[%clk 1:28:04]} dxe5 {[%clk 1:31:05]} 7. O-O
{[%clk 1:26:11]} O-O {[%clk 1:31:18]} 8. Re1 {[%clk 1:25:52]} c6 {[%clk 1:30:50]}
9. Be3 {[%clk 1:25:20]} Qc7 {[%clk 1:29:48]} 10. Qe2 {[%clk 1:21:58]} Nc5
{[%clk 1:27:58]} 11. Nd2 {[%clk 1:19:11]} Ng4 {[%clk 1:23:18]} 12. Rad1
{[%clk 1:16:18]} Nxe3 {[%clk 1:22:08]} 13. Qxe3 {[%clk 1:16:18]} Ne6
{[%clk 1:21:44]} 14. Ne2 {[%clk 1:13:56]} Bc5 {[%clk 1:18:16]} 15. Qg3
{[%clk 1:13:23]} b5 {[%clk 1:16:59]} 16. Bb3 {[%clk 1:13:08]} a5 {[%clk 1:15:15]}
17. c3 {[%clk 1:12:55]} a4 {[%clk 1:14:59]} 18. Bc2 {[%clk 1:13:14]} Nf4
{[%clk 1:12:06]} 19. Nxf4 {[%clk 1:13:07]} exf4 {[%clk 1:12:28]} 20. Qh4
{[%clk 1:11:24]} Be6 {[%clk 0:59:48]} 21. e5 {[%clk 1:08:26]} h6 {[%clk 0:59:50]}
22. a3 {[%clk 1:06:25]} Bd5 {[%clk 0:55:38]} 23. Ne4 {[%clk 1:04:05]} Be7
{[%clk 0:50:48]} 24. Nf6+ {[%clk 1:00:51]} Bxf6 {[%clk 0:43:30]} 25. exf6
{[%clk 1:01:10]} Qd6 {[%clk 0:42:03]} 26. fxg7 {[%clk 1:00:02]} Rfe8
{[%clk 0:41:35]} 27. f3 {[%clk 0:59:41]} Rxe1+ {[%clk 0:39:46]} 28. Rxe1
{[%clk 0:59:37]} Kxg7 {[%clk 0:37:43]} 29. Qg4+ {[%clk 0:58:36]} Kh8 30. Qf5
{[%clk 0:58:23]} Qg6 {[%clk 0:35:16]} 31. Qe5+ {[%clk 0:57:24]} Qg7
{[%clk 0:34:45]} 32. Qxf4 {[%clk 0:57:43]} Rg8 {[%clk 0:34:42]} 33. g3
{[%clk 0:56:54]} Rd8 {[%clk 0:33:44]} 34. Re5 {[%clk 0:55:47]} Bxf3
{[%clk 0:30:31]} 35. Kf2 {[%clk 0:52:49]} Bg4 {[%clk 0:28:41]} 36. Be4
{[%clk 0:48:36]} Rc8 {[%clk 0:24:00]} 37. Rc5 {[%clk 0:48:05]} f5
{[%clk 0:21:27]} 38. Bg2 {[%clk 0:44:00]} Qe7 {[%clk 0:13:58]} 39. Qxh6+
{[%clk 0:42:59]} Kg8 {[%clk 0:14:21]} 40. Bd5+ {[%clk 0:42:51]} cxd5
{[%clk 0:13:35]} 41. Rxc8+ {[%clk 0:43:17]} Kf7 {[%clk 0:13:59]} 42. Rc7
{[%clk 0:43:14]} 1-0

[Event "msr2018"]
[Site "?"]
[Date "2018.04.24"]
[Round "6.22"]
[White "Orgon, Patrik"]
[Black "Janik, Marek Tobias"]
[Result "0-1"]
[BlackElo "1553"]
[WhiteElo "1402"]
[LiveChessVersion "1.4.8"]

1. e4 {[%clk 1:30:59]} e6 {[%clk 1:29:43]} 2. d4 {[%clk 1:31:21]} d5
{[%clk 1:30:01]} 3. e5 {[%clk 1:31:43]} c5 {[%clk 1:30:24]} 4. c3
{[%clk 1:32:08]} Nc6 {[%clk 1:30:45]} 5. Be3 {[%clk 1:32:31]} Qb6
{[%clk 1:30:43]} 6. Qd2 {[%clk 1:32:00]} f6 {[%clk 1:29:34]} 7. exf6
{[%clk 1:29:37]} Nxf6 {[%clk 1:29:50]} 8. Nf3 {[%clk 1:22:23]} Ne4
{[%clk 1:25:53]} 9. Qc2 {[%clk 1:20:22]} cxd4 {[%clk 1:15:57]} 10. Bxd4
{[%clk 1:11:58]} Nxd4 {[%clk 1:14:57]} 11. Nxd4 {[%clk 1:10:09]} Bc5
{[%clk 1:09:24]} 12. Nd2 {[%clk 0:58:22]} Nxf2 {[%clk 1:02:53]} 13. Kxf2
{[%clk 0:57:33]} e5 {[%clk 1:00:52]} 14. N2f3 {[%clk 0:56:55]} O-O
{[%clk 1:01:05]} 15. Ke1 {[%clk 0:55:59]} exd4 {[%clk 1:01:15]} 16. cxd4
{[%clk 0:55:08]} Bb4+ {[%clk 0:55:04]} 17. Kd1 {[%clk 0:55:06]} Bg4
{[%clk 0:55:05]} 18. Qd3 {[%clk 0:54:30]} Rf4 {[%clk 0:53:57]} 19. Kc1
{[%clk 0:54:13]} Rc8+ {[%clk 0:52:07]} 20. Kb1 {[%clk 0:54:31]} Bf5
{[%clk 0:52:15]} 0-1